02088cam a2200313 i 4500952013600000999001700136001000900153003000400162005001700166008004100183010001700224020001800241040002400259042000800283050002100291082001800312100005300330245010100383264005000484300003000534336002100564337002500585338002300610504006700633520095300700650003401653906004501687942004201732 00102ddc40708ETHICSaMESbMEScETHICSd2019-02-20g1376.55l0o172.42 REN/Jp37171r2019-02-20 00:00:00w2019-02-20yBKzGL45R4 c21626d2162617537483OSt20201125145933.0121121s2013 enk b 001 0 eng  a 2012039600 a9781107644748 aDLCbengcoclcerda apcc00aU21.2b.R45 201300a172.42bREN/J aRengger, Nicholasq(Nicholas J.),eauthor.9283110aJust war and international order :bThe uncivil condition in world politics /cNicholas Rengger  1aNew York:bCambridge University Press,c2013. axviii, 205 pages ;c24 cm atext2rdacontent aunmediated2rdamedia avolume2rdacarrier aIncludes bibliographical references (pages 180-194) and index. a"At the opening of the twenty-first century, while obviously the world is still struggling with violence and conflict, many commentators argue that there are many reasons for supposing that restrictions on the use of force are growing. The establishment of the ICC, the growing sophistication of international humanitarian law and the 'rebirth' of the just war tradition over the last fifty years are all taken as signs of this trend. This book argues that, on the contrary, the just war tradition, allied to a historically powerful and increasingly dominant conception of politics in general, is complicit with an expansion of the grounds of supposedly legitimate force, rather than a restriction of it. In offering a critique of this trajectory, Just War and International Order also seeks to illuminate a worrying trend for international order more generally and consider what, if any, alternative there might be to it"--cProvided by publisher. 0aWorld politicsy21st century. a7bcbccorignewd1eecipf20gy-gencatlg 2ddccBKh172.42iREN/Jk172.42mREN/J